000 00863nam a22002772 4500
001 0000005768
005 20151217152005.0
008 070716s xx 000 0 eng d
020 _a0521447011 :
_cKES 700
040 _aKABU
_cKABU
050 0 _aQC136
_b.M35 1993
100 1 _aMain, Iain G.
_@0000156981
245 1 0 _aVibrations and waves in physics.
250 _a3rd ed.
260 _aCambridge :
_bCUP,
_c1993.
300 _axviii, 359 p.
650 0 _aVibrations.
_@0000153884
650 0 _aWaves.
_@0000153839
908 _a070716
950 _@1
999 _c7065
_d7065